000 00375nam a2200133 4500
999 _c510499
_d510499
008 190819b ||||| |||| 00| 0 eng d
100 _aTank, Harsh B.
_98592
245 _aRe-configuring higher education in the context of 21st century India
260 _c2019
300 _ap.10-13.
773 _aUniversity News
906 _aHigher education - India
942 _2ddc
_cAR